Discover Islamic art in the Mediterranean / (Record no. 15251)
[ view plain ]
| 000 -LEADER | |
|---|---|
| fixed length control field | 01560cam a22003734a 4500 |
| 001 - CONTROL NUMBER | |
| control field | 16064149 |
| 003 - CONTROL NUMBER IDENTIFIER | |
| control field | EG-ScBUE |
| 005 - DATE AND TIME OF LATEST TRANSACTION | |
| control field | 20220818102812.0 |
| 008 - FIXED-LENGTH DATA ELEMENTS--GENERAL INFORMATION | |
| fixed length control field | 100122s2007 ua a f b 000 0 eng d |
| 020 ## - INTERNATIONAL STANDARD BOOK NUMBER | |
| International Standard Book Number | 9789774271069 |
| 035 ## - SYSTEM CONTROL NUMBER | |
| System control number | (OCoLC)ocn227087291 |
| 040 ## - CATALOGING SOURCE | |
| Original cataloging agency | PAU |
| Language of cataloging | eng |
| Description conventions | rda |
| Transcribing agency | PAU |
| Modifying agency | OCLCQ |
| -- | DLC |
| -- | EG-ScBUE |
| 041 1# - LANGUAGE CODE | |
| Language code of text/sound track or separate title | eng |
| Language code of original and/or intermediate translations of text | fre |
| -- | ita |
| -- | spa |
| 043 ## - GEOGRAPHIC AREA CODE | |
| Geographic area code | mm----- |
| 082 04 - DEWEY DECIMAL CLASSIFICATION NUMBER | |
| Classification number | 704.948971822 |
| Item number | DIS |
| Edition number | 22 |
| 110 2# - MAIN ENTRY--CORPORATE NAME | |
| Corporate name or jurisdiction name as entry element | Museum With No Frontiers, |
| Relator term | author. |
| 245 00 - TITLE STATEMENT | |
| Title | Discover Islamic art in the Mediterranean / |
| Statement of responsibility, etc | a book by Museum With No Frontiers. |
| 264 #1 - PUBLICATION, DISTRIBUTION, ETC. (IMPRINT) | |
| Place of publication, distribution, etc | Cairo ; |
| -- | London : |
| Name of publisher, distributor, etc | Al-Dar Al-Masriah Al-Lubnaniah : |
| -- | Museum With No Frontiers, |
| Date of publication, distribution, etc | 2007. |
| 300 ## - PHYSICAL DESCRIPTION | |
| Extent | 272 pages : |
| Other physical details | color illustrations ; |
| Dimensions | 29 cm |
| 336 ## - CONTENT TYPE | |
| Source | rdacontent |
| Content type term | text |
| Content type code | txt |
| 337 ## - MEDIA TYPE | |
| Source | rdamedia |
| Media type term | unmediated |
| Media type code | n |
| 338 ## - CARRIER TYPE | |
| Source | rdacarrier |
| Carrier type term | volume |
| Carrier type code | nc |
| 500 ## - GENERAL NOTE | |
| General note | Arabic edition published as: Iktashif al-fann al-Islami fi Hawd al-Mutawassi�t; English edition published as: Discover Islamic art in the Mediterranean. |
| 504 ## - BIBLIOGRAPHY, ETC. NOTE | |
| Bibliography, etc | Includes bibliographical references and index. |
| 546 ## - LANGUAGE NOTE | |
| Language note | In English; some articles translated from French, Italian, or Spanish. |
| 650 #7 - SUBJECT ADDED ENTRY--TOPICAL TERM | |
| Topical term or geographic name as entry element | Islamic art |
| Geographic subdivision | Mediterranean Region. |
| 9 (RLIN) | 23643 |
| Source of heading or term | BUEsh |
| 650 #7 - SUBJECT ADDED ENTRY--TOPICAL TERM | |
| Topical term or geographic name as entry element | Islamic decorative arts |
| Geographic subdivision | Mediterranean Region. |
| 9 (RLIN) | 23644 |
| Source of heading or term | BUEsh |
| 650 #7 - SUBJECT ADDED ENTRY--TOPICAL TERM | |
| Topical term or geographic name as entry element | Islamic architecture |
| Geographic subdivision | Mediterranean Region. |
| 9 (RLIN) | 23645 |
| Source of heading or term | BUEsh |
| 651 ## - SUBJECT ADDED ENTRY--GEOGRAPHIC NAME | |
| Source of heading or term | BUEsh |
| 653 ## - INDEX TERM--UNCONTROLLED | |
| Arrived date list | April2011 |
| Resource For college | Engineering, Architecture |
| 655 ## - INDEX TERM--GENRE/FORM | |
| Form subdivision | Reading book |
| 9 (RLIN) | 34232 |
| 942 ## - ADDED ENTRY ELEMENTS (KOHA) | |
| Source of classification or shelving scheme | Dewey Decimal Classification |
| Koha item type | Book - Borrowing |
| Withdrawn status | Lost status | Source of classification or shelving scheme | Damaged status | Not for loan | Collection code | Home library | Current library | Shelving location | Date acquired | Source of acquisition | Cost, normal purchase price | Serial Enumeration / chronology | Total Checkouts | Total Renewals | Full call number | Barcode | Date last seen | Date checked out | Price effective from | Koha item type |
|---|---|---|---|---|---|---|---|---|---|---|---|---|---|---|---|---|---|---|---|---|
| Dewey Decimal Classification | Diwan | Central Library | Central Library | Second Floor | 05/05/2011 | 250.00 | 124070 | 1 | 4 | 704.948971822 DIS | 000023137 | 15/07/2025 | 18/03/2015 | 05/05/2011 | Book - Borrowing |